[Event "Commonwealth-ch"]
[Site "Waskaduwa"]
[Date "2024.09.04"]
[Round "8"]
[White "Vaibhav, Suri"]
[Black "Krishna, C Revanth Gopala"]
[Result "0-1"]
[WhiteElo "2594"]
[BlackElo "2425"]
[PlyCount "118"]
[EventDate "2024.08.28"]
[EventType "swiss"]
[EventRounds "9"]
[EventCountry "SRI"]
[SourceTitle "EXT 2025"]
[Source "ChessBase"]
[SourceDate "2024.10.14"]
[SourceVersion "1"]
[SourceVersionDate "2024.10.14"]
[SourceQuality "1"]

1. e4 e6 2. d4 d5 3. Nc3 Nf6 4. e5 Nfd7 5. f4 c5 6. Nf3 Nc6 7. Be3 h6 8. Qd2 g5 9. dxc5 gxf4 10. Bxf4 a6 11. Na4 Nxc5 12. Nxc5 Bxc5 13. c3 Bd7 14. 0-0-0 Qb6 15. Kb1 Na5 16. b4 Nc6 17. Ka1 Bf8 18. Bd3 Qc7 19. Rhe1 Na7 20. Nd4 Nb5 21. Nxb5 Bxb5 22. Be3 Bc4 23. Bxc4 Qxc4 24. Rf1 Qc7 25. Bd4 Bg7 26. Rde1 b5 27. Re3 a5 28. Qe2 0-0 29. Rg3 Kh7 30. Rxg7+ Kxg7 31. Rf6 Rh8 32. Qg4+ Kh7 33. Qh5 Kg8 34. bxa5 Rh7 35. Qg4+ Rg7 36. Qe2 Qxa5 37. Rxh6 Qa3 38. Qd2 Qb3 39. g3 Qc4 40. Rh4 Qf1+ 41. Kb2 Qc4 42. a3 Ra4 43. Qe3 Qf1 44. Rf4 Qh3 45. Qe2 Rc4 46. Ka2 Qh7 47. Kb2 Qh3 48. Ka2 Qh7 49. Rf2 Qg6 50. Qb2 Kh7 51. Qxb5 Rg8 52. a4 Rgc8 53. a5 Qd3 54. Qd7 Kh6 55. Qxf7 Ra4+ 56. Kb2 Rb8+ 57. Bb6 Qb5+ 58. Kc1 Ra1+ 59. Kd2 Qb2+ 0-1

[Event "Commonwealth-ch"]
[Site "Waskaduwa"]
[Date "2024.08.31"]
[Round "4"]
[White "Vaibhav, Suri"]
[Black "Adireddy, Arjun"]
[Result "1-0"]
[WhiteElo "2594"]
[BlackElo "2343"]
[PlyCount "87"]
[EventDate "2024.08.28"]
[EventType "swiss"]
[EventRounds "9"]
[EventCountry "SRI"]
[SourceTitle "EXT 2025"]
[Source "ChessBase"]
[SourceDate "2024.10.14"]
[SourceVersion "1"]
[SourceVersionDate "2024.10.14"]
[SourceQuality "1"]

1. d4 d5 2. c4 c6 3. Nf3 Nf6 4. g3 g6 5. Bg2 Bg7 6. 0-0 0-0 7. a4 dxc4 8. Na3 Be6 9. Ng5 Bd5 10. e4 h6 11. exd5 hxg5 12. dxc6 Nxc6 13. d5 Nb4 14. Nxc4 Nbxd5 15. Bxg5 Qd7 16. Qb3 e6 17. Rfd1 Nh7 18. Bf4 Rac8 19. Ne3 Nhf6 20. Nxd5 Nxd5 21. Bxd5 exd5 22. Rxd5 Qc6 23. Rad1 Qc2 24. Qxc2 Rxc2 25. b3 a6 26. Rd7 b5 27. axb5 axb5 28. Rb7 Rc5 29. Bd6 Rd8 30. Bxc5 Rd4 31. Rd2 Rxd2 32. Kg2 Rd5 33. Rb8+ Kh7 34. b4 Bd4 35. Rxb5 Bxc5 36. Rxc5 Rd4 37. b5 Rb4 38. Kf3 Rb3+ 39. Ke4 Rb2 40. Kd5 Rxf2 41. b6 Rxh2 42. b7 Rb2 43. Kc6 Rxb7 44. Kxb7 1-0

[Event "Crunchlab PlayIn Match D3"]
[Site "Chess.com INT"]
[Date "2024.07.18"]
[Round "1.1"]
[White "Vaibhav, Suri"]
[Black "Klekowski, Maciej"]
[Result "0-1"]
[WhiteElo "2594"]
[BlackElo "2463"]
[PlyCount "74"]
[EventDate "2024.07.18"]
[EventType "k.o. (rapid)"]
[EventRounds "1"]
[EventCountry "USA"]
[SourceTitle "CBM 221 Extra"]
[Source "ChessBase"]
[SourceDate "2024.09.30"]
[SourceVersion "1"]
[SourceVersionDate "2024.09.30"]
[SourceQuality "1"]

1. e4 c5 2. Nf3 e6 3. Nc3 Nc6 4. h3 a6 5. d4 cxd4 6. Nxd4 Qc7 7. Nxc6 bxc6 8. Bd3 Nf6 9. 0-0 d5 10. Re1 Be7 11. Bg5 0-0 12. e5 Ne8 13. Qh5 g6 14. Qh4 Bxg5 15. Qxg5 c5 16. b3 f6 17. exf6 Nxf6 18. Re5 Qg7 19. Na4 Nd7 20. Ree1 e5 21. c4 d4 22. Be4 Ra7 23. Bc6 Rf5 24. Qg3 Rc7 25. Bd5+ Kh8 26. Be6 Qf6 27. Bxf5 gxf5 28. Nb2 f4 29. Qg4 Nf8 30. Qh5 Bf5 31. Re2 e4 32. Rd1 Rg7 33. Kh1 f3 34. gxf3 Rg5 35. Qe8 Bxh3 36. Qxe4 Bg2+ 37. Kh2 Qh6+ 0-1

[Event "CrunchLab Masters PlayIn"]
[Site "Chess.com INT"]
[Date "2024.07.17"]
[Round "8"]
[White "Vaibhav, Suri"]
[Black "Alekseev, Evgeny V"]
[Result "1/2-1/2"]
[WhiteElo "2594"]
[BlackElo "2550"]
[PlyCount "71"]
[EventDate "2024.07.17"]
[EventType "swiss (rapid)"]
[EventRounds "9"]
[EventCountry "USA"]
[SourceTitle "CBM 221 Extra"]
[Source "ChessBase"]
[SourceDate "2024.09.30"]
[SourceVersion "1"]
[SourceVersionDate "2024.09.30"]
[SourceQuality "1"]

1. e4 e5 2. Nf3 Nc6 3. Nc3 Nf6 4. Bb5 Bc5 5. d3 d6 6. Na4 Bb6 7. c3 h6 8. 0-0 0-0 9. Re1 Ne7 10. Nxb6 axb6 11. d4 Ng6 12. h3 c6 13. Bd3 b5 14. Bc2 Be6 15. b3 Qc7 16. Bb2 Rfe8 17. Qd2 Red8 18. Qe3 Re8 19. Red1 Re7 20. Rd2 Ree8 21. Rdd1 Re7 22. dxe5 dxe5 23. Kh2 Rd7 24. g3 Rxd1 25. Bxd1 Qd7 26. Ng1 Qc7 27. Bc2 Nd7 28. Kg2 Nf6 29. Ne2 Qc8 30. Ng1 Qc7 31. f3 Nd7 32. Ne2 f6 33. Nc1 c5 34. Bd3 c4 35. Bc2 Nc5 36. b4 1/2-1/2

[Event "CrunchLab Masters PlayIn"]
[Site "Chess.com INT"]
[Date "2024.07.17"]
[Round "1"]
[White "Vaibhav, Suri"]
[Black "Iturrizaga Bonelli, Eduardo"]
[Result "0-1"]
[WhiteElo "2594"]
[BlackElo "2577"]
[PlyCount "68"]
[EventDate "2024.07.17"]
[EventType "swiss (rapid)"]
[EventRounds "9"]
[EventCountry "USA"]
[SourceTitle "CBM 221 Extra"]
[Source "ChessBase"]
[SourceDate "2024.09.30"]
[SourceVersion "1"]
[SourceVersionDate "2024.09.30"]
[SourceQuality "1"]

1. e4 c5 2. Nf3 e6 3. d4 cxd4 4. Qxd4 Nc6 5. Qe3 Nf6 6. Nc3 d6 7. b3 Be7 8. Bb2 a6 9. 0-0-0 Qc7 10. Rg1 0-0 11. g4 b5 12. g5 Nd7 13. h4 Bb7 14. Kb1 Rac8 15. h5 Nc5 16. a3 b4 17. axb4 Nxb4 18. Ne1 Qa5 19. Rg4 Rc7 20. Rd4 Nc6 21. Rd2 Rfc8 22. Rg3 Nb4 23. Bc4 Nd7 24. g6 Rxc4 25. gxf7+ Kf8 26. bxc4 Ne5 27. Qa7 Rc7 28. Qb8+ Bc8 29. c5 Rxc5 30. Rxd6 Kxf7 31. Rd1 Bf6 32. h6 gxh6 33. Qa7+ Rc7 34. Qe3 Rxc3 0-1

[Event "Chess.com Classic Play In"]
[Site "Chess.com INT"]
[Date "2024.05.08"]
[Round "5"]
[White "Mikaelyan, Arman"]
[Black "Vaibhav, Suri"]
[Result "0-1"]
[WhiteElo "2515"]
[BlackElo "2597"]
[PlyCount "100"]
[EventDate "2024.05.08"]
[EventType "swiss (rapid)"]
[EventRounds "9"]
[EventCountry "USA"]
[SourceTitle "CBM 220 Extra"]
[Source "ChessBase"]
[SourceDate "2024.07.31"]
[SourceVersion "1"]
[SourceVersionDate "2024.07.31"]
[SourceQuality "1"]

1. d4 d5 2. c4 e6 3. Nf3 Nf6 4. g3 dxc4 5. Bg2 c6 6. 0-0 b5 7. a4 Bb7 8. b3 cxb3 9. Qxb3 b4 10. a5 c5 11. dxc5 Bxc5 12. Rd1 Qe7 13. Ne5 0-0 14. Bg5 Bd5 15. Bxd5 exd5 16. Rxd5 Bxf2+ 17. Kg2 Bd4 18. Rxd4 Qxe5 19. Qe3 Qxe3 20. Bxe3 Re8 21. Bf2 Nc6 22. Rc4 Rac8 23. Nd2 Rxe2 24. Rac1 Rd8 25. Rxc6 Rdxd2 26. Rc8+ Ne8 27. Kg1 h5 28. Bxa7 Kh7 29. a6 b3 30. Rb1 Ra2 31. Rc6 Nf6 32. Bd4 Ng4 33. a7 Rg2+ 34. Kh1 Rxh2+ 35. Kg1 Rhd2 36. Rc8 Nh2 37. a8Q Rxa8 38. Rxa8 Nf3+ 39. Kf1 Nxd4 40. Rd8 Kg6 41. Rd5 f5 42. Rd6+ Kg5 43. Rd7 g6 44. Re1 Kg4 45. Rd6 Kf3 46. Rxg6 Ne2 47. Rxe2 Rxe2 48. Rg5 Re5 49. Rg6 Rb5 50. Rd6 b2 0-1

[Event "Chess.com Classic Play In"]
[Site "Chess.com INT"]
[Date "2024.05.08"]
[Round "6"]
[White "Vaibhav, Suri"]
[Black "Anton Guijarro, David"]
[Result "0-1"]
[WhiteElo "2597"]
[BlackElo "2670"]
[PlyCount "70"]
[EventDate "2024.05.08"]
[EventType "swiss (rapid)"]
[EventRounds "9"]
[EventCountry "USA"]
[SourceTitle "CBM 220 Extra"]
[Source "ChessBase"]
[SourceDate "2024.07.31"]
[SourceVersion "1"]
[SourceVersionDate "2024.07.31"]
[SourceQuality "1"]

1. e4 c6 2. d4 d5 3. e5 Bf5 4. h4 h6 5. Bd3 Bxd3 6. Qxd3 e6 7. Ne2 c5 8. c3 Nc6 9. a3 a5 10. Nd2 a4 11. h5 Nge7 12. 0-0 Qa5 13. Nf3 Nc8 14. dxc5 Bxc5 15. Nfd4 N8e7 16. Be3 Nxe5 17. Qc2 Nc4 18. Bc1 0-0 19. Qd3 Qc7 20. Bf4 e5 21. Bh2 Qd7 22. Nc2 Qf5 23. Qxf5 Nxf5 24. Rab1 Nd2 25. Rbd1 Nxf1 26. Kxf1 f6 27. Rxd5 b6 28. g4 Nd6 29. Nc1 Nc4 30. Nd3 Rfd8 31. Rxd8+ Rxd8 32. Ke2 e4 33. Nxc5 bxc5 34. Bf4 Nxb2 35. Ne3 Rd3 0-1

[Event "AI Cup Div 3 L"]
[Site "Chess.com INT"]
[Date "2023.09.26"]
[Round "2.1"]
[White "Vaibhav, Suri"]
[Black "Demchenko, Anton"]
[Result "0-1"]
[WhiteElo "2588"]
[BlackElo "2608"]
[PlyCount "144"]
[EventDate "2023.09.25"]
[EventType "k.o. (rapid)"]
[EventRounds "8"]
[EventCountry "USA"]
[SourceTitle "CBM 216 Extra"]
[Source "ChessBase"]
[SourceDate "2023.11.30"]
[SourceVersion "1"]
[SourceVersionDate "2023.11.30"]
[SourceQuality "1"]

1. e4 e5 2. Nf3 Nc6 3. Bc4 Nf6 4. d3 h6 5. c3 d6 6. a4 a5 7. Qb3 Qe7 8. 0-0 g6 9. Re1 Bg7 10. Nbd2 0-0 11. Nf1 Bg4 12. N3d2 Rab8 13. Ne3 Be6 14. Bxe6 fxe6 15. Qb5 Qf7 16. Rf1 d5 17. Qb3 Rfd8 18. Qc2 Nh5 19. Nb3 b6 20. Ng4 Nf4 21. g3 h5 22. Ne3 Nh3+ 23. Kg2 Ng5 24. f3 Nh7 25. Qe2 Rd7 26. Bd2 Rbd8 27. Rad1 Rd6 28. Bc1 Qd7 29. Qc2 Ne7 30. Nd2 c5 31. Rfe1 g5 32. exd5 exd5 33. c4 d4 34. Nef1 Rg6 35. Ne4 Rf8 36. h3 Nc6 37. b3 Nd8 38. Nh2 Ne6 39. Rf1 Nf6 40. Rde1 Ne8 41. Qe2 Bh8 42. Rf2 N8g7 43. Kh1 Nf5 44. g4 Nfg7 45. Ng3 h4 46. Nh5 Rh6 47. Qe4 Qf7 48. Kg1 Re8 49. Rfe2 Rf8 50. Qd5 Ne8 51. Rxe5 Bxe5 52. Rxe5 Rg6 53. Bxg5 N8c7 54. Qb7 Nxg5 55. Rf5 Nxh3+ 56. Kf1 Qd7 57. Rxf8+ Kxf8 58. Qb8+ Ne8 59. Qe5 Qe6 60. Qh8+ Ke7 61. Kg2 Ng5 62. Nf4 h3+ 63. Kf1 Qf7 64. Qe5+ Ne6 65. Nxg6+ Qxg6 66. Qb8 Qxd3+ 67. Kf2 Qxb3 68. Kg3 d3 69. Qb7+ N8c7 70. Nf1 Qd1 71. Ne3 Qg1+ 72. Kh4 Qxe3 0-1

[Event "AI Cup Div 3 L"]
[Site "Chess.com INT"]
[Date "2023.09.26"]
[Round "2.3"]
[White "Vaibhav, Suri"]
[Black "Demchenko, Anton"]
[Result "0-1"]
[WhiteElo "2588"]
[BlackElo "2608"]
[PlyCount "136"]
[EventDate "2023.09.25"]
[EventType "k.o. (rapid)"]
[EventRounds "8"]
[EventCountry "USA"]
[SourceTitle "CBM 216 Extra"]
[Source "ChessBase"]
[SourceDate "2023.11.30"]
[SourceVersion "1"]
[SourceVersionDate "2023.11.30"]
[SourceQuality "1"]

1. d4 Nf6 2. c4 d6 3. Nc3 e5 4. g3 exd4 5. Qxd4 Nc6 6. Qd2 a5 7. Bg2 a4 8. Nh3 Ne5 9. 0-0 Nxc4 10. Qc2 Ne5 11. Nxa4 Be7 12. b3 0-0 13. Bb2 c6 14. Nf4 Ng6 15. Nxg6 hxg6 16. e4 Qa5 17. h3 Be6 18. Rfe1 Rfd8 19. Rad1 b5 20. Nc3 Qb6 21. Rd2 d5 22. exd5 cxd5 23. Qd3 Bb4 24. a3 Bxa3 25. g4 Bxb2 26. Rxb2 Rab8 27. Ne2 d4 28. Rd1 Nd5 29. Nxd4 Nf4 30. Qe3 Nxg2 31. Kxg2 Bd5+ 32. Kg1 Ba8 33. Rbd2 Re8 34. Qf4 b4 35. Kh2 Rbc8 36. f3 Rc3 37. Kg3 Qc5 38. h4 Bd5 39. Rd3 Bb7 40. R1d2 Ba6 41. Rxc3 bxc3 42. Rc2 Rd8 43. Qe3 Qxd4 44. Qxd4 Rxd4 45. Rxc3 Rb4 46. Kf2 Bb7 47. Rd3 Kf8 48. Ke3 Ke7 49. Kd2 Bc8 50. Kc3 Rb7 51. b4 Be6 52. Re3 Rc7+ 53. Kd3 Rd7+ 54. Kc3 Rc7+ 55. Kd3 Rd7+ 56. Ke2 Rb7 57. Re4 Kd6 58. Ke3 Bd5 59. Rd4 Ra7 60. Rd3 Rb7 61. Rd4 Ra7 62. Rd3 Ra4 63. Rd4 Ra3+ 64. Ke2 Ke5 65. Rd2 Bxf3+ 66. Kf2 Bxg4 67. Rb2 Be6 68. b5 Ra2 0-1

[Event "AI Cup Div 3 W"]
[Site "Chess.com INT"]
[Date "2023.09.25"]
[Round "2.1"]
[White "Vaibhav, Suri"]
[Black "Alekseev, Evgeny V"]
[Result "0-1"]
[WhiteElo "2588"]
[BlackElo "2573"]
[PlyCount "52"]
[EventDate "2023.09.25"]
[EventType "k.o. (rapid)"]
[EventRounds "7"]
[EventCountry "USA"]
[SourceTitle "CBM 216 Extra"]
[Source "ChessBase"]
[SourceDate "2023.11.30"]
[SourceVersion "1"]
[SourceVersionDate "2023.11.30"]
[SourceQuality "1"]

1. e4 e5 2. Nf3 Nc6 3. Bb5 Nf6 4. d3 Bc5 5. Ba4 0-0 6. 0-0 d6 7. c3 Ne7 8. h3 Ng6 9. Re1 Bb6 10. d4 c6 11. Bc2 Re8 12. Nbd2 h6 13. Nf1 Nh7 14. Ng3 Ng5 15. Be3 Qf6 16. Nh2 Be6 17. Nh5 Qe7 18. f4 exf4 19. Nxf4 Nxf4 20. Bxf4 Bxh3 21. e5 dxe5 22. Rxe5 Qf6 23. Qe2 Bd7 24. Rf1 Rxe5 25. Bxe5 Qe7 26. Ng4 Bxg4 0-1

[Event "AI Cup Play In"]
[Site "Chess.com INT"]
[Date "2023.09.18"]
[Round "1"]
[White "Esipenko, Andrey"]
[Black "Vaibhav, Suri"]
[Result "1/2-1/2"]
[WhiteElo "2683"]
[BlackElo "2588"]
[PlyCount "56"]
[EventDate "2023.09.18"]
[EventType "swiss (rapid)"]
[EventRounds "9"]
[EventCountry "USA"]
[SourceTitle "CBM 216 Extra"]
[Source "ChessBase"]
[SourceDate "2023.11.30"]
[SourceVersion "1"]
[SourceVersionDate "2023.11.30"]
[SourceQuality "1"]

1. c4 Nf6 2. g3 e5 3. Bg2 c6 4. Nf3 e4 5. Nd4 d5 6. cxd5 Qxd5 7. Nc2 Be7 8. Nc3 Qe5 9. 0-0 0-0 10. b4 a5 11. bxa5 Rd8 12. Ne3 Qxa5 13. Rb1 Qh5 14. a4 Na6 15. Nxe4 Nxe4 16. Bxe4 Nc5 17. Bf3 Qg6 18. Ba3 Bf8 19. Bxc5 Bxc5 20. Nc4 Bh3 21. Re1 Be6 22. Rc1 Qg5 23. e3 Bb4 24. Re2 Qf5 25. Kg2 Qh3+ 26. Kg1 Qf5 27. Kg2 Qh3+ 28. Kg1 Qf5 1/2-1/2